| 000 | 005870000a22001570004500 | ||
|---|---|---|---|
| 003 | MACL | ||
| 005 | 20170929153314.0 | ||
| 008 | 170929b xxu||||| |||| 00| 0 eng d | ||
| 040 | _cmacl | ||
| 100 |
_a सिंह,निशांत _969290 |
||
| 245 | _aरोहित ज्ञान-विज्ञान एन्साइक्लोपीडिया सामान्य विज्ञान | ||
| 260 |
_a रोहित पब्लिशिंग _c2012 |
||
| 350 | _a395 | ||
| 650 |
_a चिल्ड्रन बुक, _9159 |
||
| 942 |
_cHIN _k741.642 _2ddc |
||
| 999 |
_c47598 _d47598 |
||